Score 0/28 Timer 06:00
3 Plays Today
% Correct
Rum Tum Tugger
87.5%
Skimbleshanks
86.8%
Jacob
86.1%
Grizabella
85.8%
Pharaoh
84.8%
Judas Iscariot
82.6%
Juan Peron
80.7%
Benjamin
77.5%
Christine DaaƩ
76.6%
Raoul de Chagny
75.7%
Munkustrap
74.4%
Macavity
74.3%
Old Deuteronomy
70.9%
Jennyanydots
70.1%
% Correct
Reuben
68.2%
Che
68%
Cecil B. DeMille
68%
Potiphar
67.3%
Norma Desmond
65.2%
Carlotta
63.4%
Buffy
61.3%
Pearl
58.1%
Rusty
57.5%
Gad
56.9%
Agustin Magaldi
55.6%
Greaseball
52.6%
Dinah
51.5%
Meg Giry
42.1%
Remove Ads.
Support Sporcle.
Get the best of Sporcle when you Go Orange. This ad-free experience offers more features, more stats, and more fun while also helping to support Sporcle. Thank you for becoming a member.

You're not logged in!

Compare scores with friends on all Sporcle quizzes.
OR
Log In

Show Comments

Extras

Top Quizzes Today


Score Distribution

Your Account Isn't Verified!

In order to create a playlist on Sporcle, you need to verify the email address you used during registration. Go to your Sporcle Settings to finish the process.

Report this User

Report this user for behavior that violates our Community Guidelines.

Details: